AH International Schools' Libraries

Shattered vows : (Record no. 50102)

MARC details
000 -LEADER
fixed length control field 02267nam a2200397 4500
020 ## - INTERNATIONAL STANDARD BOOK NUMBER
International Standard Book Number 9780310541950
Qualifying information (electronic bk.)
020 ## - INTERNATIONAL STANDARD BOOK NUMBER
International Standard Book Number 9780310273943
020 ## - INTERNATIONAL STANDARD BOOK NUMBER
International Standard Book Number 0310541956
Qualifying information (electronic bk.)
020 ## - INTERNATIONAL STANDARD BOOK NUMBER
International Standard Book Number 9780310541943
Qualifying information (electronic bk.)
020 ## - INTERNATIONAL STANDARD BOOK NUMBER
International Standard Book Number 0310541948
Qualifying information (electronic bk.)
024 1# - OTHER STANDARD IDENTIFIER
Standard number or code 025986541941
037 ## - SOURCE OF ACQUISITION
Stock number 9780310541943
Source of stock number/acquisition Ingram Content Group
040 ## - CATALOGING SOURCE
Original cataloging agency N$T
Language of cataloging eng
Transcribing agency N$T
Modifying agency YDXCP
-- OCLCQ
-- OCLCO
-- OCLCQ
-- OCLCF
-- TEFOD
-- TEF
-- OCLCO
-- RECBK
-- OCLCQ
-- Uk
Description conventions pn
042 ## - AUTHENTICATION CODE
Authentication code ukblsr
050 #4 - LIBRARY OF CONGRESS CALL NUMBER
Classification number HQ806
Item number .L28 2008eb
072 #7 - SUBJECT CATEGORY CODE
Subject category code REL
Subject category code subdivision 012100
Source bisacsh
072 #7 - SUBJECT CATEGORY CODE
Subject category code REL
Subject category code subdivision 012130
Source bisacsh
082 04 - DEWEY DECIMAL CLASSIFICATION NUMBER
Classification number 248.8/435
Edition number 22
100 ## - MAIN ENTRY--PERSONAL NAME
Personal name Laaser, Debbie,
Relator term author.
9 (RLIN) 87122
245 10 - TITLE STATEMENT
Title Shattered vows :
Remainder of title hope and healing for women who have been sexually betrayed /
Statement of responsibility, etc Debra Laaser.
260 ## - PUBLICATION, DISTRIBUTION, ETC. (IMPRINT)
Place of publication, distribution, etc Grand Rapids, Mich. :
Name of publisher, distributor, etc Zondervan,
Date of publication, distribution, etc ©2008.
300 ## - PHYSICAL DESCRIPTION
Extent 1 online resource (256 pages) :
Other physical details illustrations.
504 ## - BIBLIOGRAPHY, ETC. NOTE
Bibliography, etc Includes bibliographical references (pages 247-256).
505 0# - FORMATTED CONTENTS NOTE
Formatted contents note Preface: The darkest, loneliest day -- Introduction: So much for "happily ever after" -- "What am I supposed to do now?" : first steps for the brokenhearted -- "Why should I get help when it's his problem?" : accepting the support you deserve -- "How could this have happened?" : understanding the real problem -- "Where can I hide my heart?" : the journey through brokenness -- "When will I stop feeling so out of control?" : the paradox of powerlessness -- "What do you mean, 'do I want to get well'?" : looking at commitment, risks, and triggers -- "How can I ever trust him again?" : the million-dollar question -- "Is forgiving him really possible?" : it's easier and harder than you think -- "How can we rebuild our relationship?" : creating a shared vision for a passionate alliance -- Epilogue: Taking your show on the road.
650 #7 - SUBJECT ADDED ENTRY--TOPICAL TERM
Topical term or geographic name as entry element RELIGION / Christian Life / Relationships
9 (RLIN) 87123
650 ## - SUBJECT ADDED ENTRY--TOPICAL TERM
Topical term or geographic name as entry element Adultery.
9 (RLIN) 87124
650 #0 - SUBJECT ADDED ENTRY--TOPICAL TERM
Topical term or geographic name as entry element Wives
General subdivision Psychology.
9 (RLIN) 87125
650 ## - SUBJECT ADDED ENTRY--TOPICAL TERM
Topical term or geographic name as entry element Marriage.
650 #0 - SUBJECT ADDED ENTRY--TOPICAL TERM
Topical term or geographic name as entry element Marriage
General subdivision Religious aspects
-- Christianity.
650 #7 - SUBJECT ADDED ENTRY--TOPICAL TERM
Topical term or geographic name as entry element Marriage.
9 (RLIN) 87126
650 ## - SUBJECT ADDED ENTRY--TOPICAL TERM
Topical term or geographic name as entry element Wives
General subdivision Psychology.
9 (RLIN) 87125
650 ## - SUBJECT ADDED ENTRY--TOPICAL TERM
Topical term or geographic name as entry element RELIGION / Christian Life / Women's Issues
9 (RLIN) 87127
655 #4 - INDEX TERM--GENRE/FORM
Genre/form data or focus term Electronic books.
942 ## - ADDED ENTRY ELEMENTS (KOHA)
Source of classification or shelving scheme
Koha item type Book
Holdings
Withdrawn status Lost status Source of classification or shelving scheme Damaged status Not for loan Home library Current library Date acquired Total Checkouts Full call number Barcode Date last seen Price effective from Koha item type
          Logos International School Logos International School 01/16/2026   248.8435 LAA 040831 01/20/2026 01/16/2026 Book

For any Logos Library related questions please contact Miss Art at swongnarasuk@asianhope.org.

For any Asian Hope Library related questions please contact Miss Raza at graza@asianhope.org.

Click here to explore our ebooks!

Powered by Koha